| 000 | 00643cam a2200193 a 4500 | ||
|---|---|---|---|
| 001 | 000017564 | ||
| 003 | DO-SdBNP | ||
| 005 | 20250702103551.0 | ||
| 008 | 711105s1971 ja a 000 1 eng d | ||
| 040 |
_aDO-SdBNP _bspa _cBNPHU |
||
| 100 | 1 |
_aUeda, Akinari, _d1734-1809. _938322 |
|
| 245 | 1 | 0 |
_aTales of moonlight and rain : _bjapanese gothic tales / _cUyeda Akinari ; traducción Kengi Hamada. |
| 260 |
_aTokyo : _bUniversity of Tokyo Press, _c1971. |
||
| 300 |
_axxix, 150 p. : _bil. ; _c24 cm. |
||
| 504 | _aBibliografía: p. 149-150. | ||
| 700 | 1 |
_aHamada, Kengi, _etr. _938325 |
|
| 910 | _aCatalogación por copia / LC | ||
| 942 |
_2ddc _cLBS1 |
||
| 999 |
_c17089 _d17089 |
||